Loading...
| Literature - American Literature | 3 | 1 | 0 | 1 | 55 | 55 | 88.50 | 1 | 3 |
| Auditory Arts | 1 | 3 | 0 | 2 | 45 | 52 | 97.00 | 0 | 4 |
| History - American History | 2 | 2 | 1 | 1 | 45 | 23 | 64.25 | 2 | 3 |
| Beliefs | 0 | 4 | 1 | 0 | 35 | 77 | 92.50 | 1 | 4 |
| Literature - British Literature | 1 | 2 | 0 | 0 | 35 | 68 | 85.33 | 1 | 3 |
| Social Science | 0 | 3 | 0 | 0 | 30 | 73 | 82.00 | 2 | 3 |
| History - World History | 1 | 1 | 0 | 1 | 25 | 50 | 59.00 | 1 | 2 |
| Literature - European Literature | 2 | 0 | 1 | 0 | 25 | 53 | 54.50 | 1 | 2 |
| Current Events | 0 | 2 | 0 | 1 | 20 | 93 | 103.50 | 0 | 2 |
| Fine Arts - Other Arts | 1 | 1 | 1 | 0 | 20 | 33 | 73.00 | 1 | 2 |
| Literature - World Literature | 0 | 2 | 1 | 0 | 15 | 91 | 99.50 | 0 | 0 |
| History - European History | 0 | 2 | 2 | 0 | 10 | 56 | 58.50 | 0 | 2 |
| History - Other History | 0 | 1 | 0 | 0 | 10 | 105 | 105.00 | 1 | 1 |
| Other Academic | 0 | 1 | 0 | 0 | 10 | 74 | 74.00 | 0 | 1 |
| Philosophy | 1 | 0 | 1 | 0 | 10 | 61 | 61.00 | 1 | 1 |
| History - Ancient History | 0 | 1 | 0 | 1 | 10 | 138 | 138.00 | 1 | 1 |